Taylor Swift - Paroles So Long, London - Statistiques

Statistiques générales
  • Ce quiz a été pris 235 fois
  • Le résultat moyen est 298 sur 379
Statistiques - réponses
Hint Réponse % Correct
Couplet 1 | Couplet 2 I
100%
London
100%
(London)
100%
long
100%
(Long),
100%
long,
100%
Intro | Refrain So
100%
(So)
100%
so
100%
the
99%
The
99%
(The)
99%
you
99%
Couplet 3 You
99%
a
97%
(A)
97%
A
97%
in
97%
and
96%
And
96%
my
96%
My
96%
for
95%
Refrain For
95%
me?
94%
me
94%
go?
93%
go
93%
he
93%
love
93%
to
93%
But
91%
but
91%
it
91%
we
91%
I'm
90%
(I'm)
90%
on
90%
this
90%
was
90%
loved
89%
your
89%
down
88%
place
88%
where
88%
did
87%
Did
87%
ship
87%
with
87%
going
86%
had
86%
had,
86%
Had
86%
(Had)
86%
be
85%
cause
85%
day
85%
find
85%
(Find)
85%
Just
85%
just
85%
mad
85%
someone ...
85%
someone...
85%
someone
85%
us
85%
back
84%
color
83%
face
83%
getting
83%
how
83%
How
83%
no
83%
of
83%
think
83%
hell
82%
into
82%
much
82%
sad
82%
said
82%
say
82%
that
82%
waiting
82%
were
82%
as
80%
clues?
80%
mind
79%
one
79%
(One)
79%
tragedy...
79%
tragedy?
79%
I'll
78%
proof
78%
You'll
78%
(You'll)
78%
days
77%
abandoned
76%
all
76%
died
76%
free
76%
not
76%
(Not)
76%
Oh,
76%
When
76%
Every
75%
there
75%
you're
75%
it's
74%
bluest
73%
altar
72%
like
72%
saw
72%
affair
71%
breath
71%
friends
71%
good
70%
(Good)
70%
gods
69%
right
69%
scared
69%
2
68%
(2)
68%
have
68%
if
68%
through
68%
after
67%
sure
67%
swore
67%
graves,
66%
graves
66%
(Graves)
66%
isn't
66%
use
66%
wants
66%
CPR,
65%
gun
65%
(Gun)
65%
run
65%
(Run)
65%
stopped
65%
Stopped
65%
never
64%
air
63%
feels
63%
gone,
63%
I'd
63%
mist
63%
time
62%
undone
61%
(Undone)
61%
kept
60%
let
60%
sacrificed
60%
tight
59%
come
58%
lights
58%
moment
58%
(Moment)
58%
rarest
58%
white
58%
didn't
57%
fairy
57%
Holding
57%
out
57%
spirit
57%
youth
57%
give
56%
him
56%
pissed
55%
about
54%
at
54%
dying
54%
great
54%
grip
54%
hill
54%
make
54%
Stitches
54%
(Stitches)
54%
things
54%
trying
53%
would
53%
low
52%
quiet
52%
away
51%
by
51%
from
51%
left
51%
man
51%
off
51%
rift
51%
she's
51%
up
51%
safe
50%
carried
49%
club
49%
each
49%
heard
49%
house
49%
knuckle
49%
laugh
49%
self
49%
calm
48%
drifting
48%
spine
47%
Before
46%
clothes,
46%
knew,
45%
carrying
43%
chill
43%
resentment
43%
Refrain Thinkin’,
43%
weight
43%
Wet
43%
bones
42%
drill
42%
sun
42%
(Sun)
42%
implode
40%
odd
40%
tighter
40%
warm
39%
Pulled
38%
split
38%
founded
35%
Heath
33%
caught
31%
opt
29%
weary
29%
Aucun quiz correspondant
Distribution des résultats
% des personnes avec chaque résultat
Percentile par nombre de réponses
Votre historique - résultats
Vous n’avez pas pris ce quiz